000 00562nam a2200229Ia 4500
008 210210b1936 xxu||||| |||| 00| 0 eng d
041 _aeng
082 _a385/59
100 _aPINK (Alderton M)
245 _aEnglish grammar composition and correspondence Ed 6
260 _aSt Albans
_bDonnington press
_c1936
300 _aviii,504
650 _agrammar
650 _aEnglish
650 _aEd
650 _acorrespondence
650 _acomposition
650 _a6
690 _aEnglish Grammar
700 _aTHOMAS (Evelyn S)
906 _a005533
999 _c125648
_d125648